LEADER 01040nam a2200241 u 4500 001 000000004987 003 CaOOAMICUS 005 20070226104718.0 008 941013s1968 it u000 u ita u 035 $a10132220 040 $aPUL(R)$bita 245 10$aMorte e immortalità /$cMichele Federico Sciacca. 250 $a3. ed. riveduta. 260 $aMilano :$bMarzorati,$c1968. 300 $a343 p. ;$c22 cm 490 1 $aOpere complete di Michele F. Sciacca ;$v9 650 4$aImmortalità$xStudi.$0(OLS)http://pul/subject/4357 650 4$aMorte$xAspetti religiosi.$0(OLS)http://pul/subject/4358 800 1 $aSciacca, Michele Federico,$d1908-1975.$tOpere$9(Sciacca, Michele Federico, 1908-1975) ;$v9.$0(OLS)http://pul/nameTitle/30$0(OLS)http://pul/name/3648$0(OLS)http://pul/title/7268 850 $aPUL 852 $aPUL$W1$xSL Filosofia 1$y2$m93 I 9$j6939$nBK-PRI$b $qStampati$B6939$CPULBib$Z2$F6939 $H $81 961 $aINV: 56349 996 $6260$aMilano :$bMarzorati$9(OLS)http://pul/publisher/49236 LEADER 01304nam a2200277 u 4500 001 000000072670 003 CaOOAMICUS 005 20070226122251.0 008 020619s1977 gw u000 u ger u 020 $a3406068006 035 $a10934074 040 $aPUL(R)$bita 100 1 $aPilz, Frank.$0(OLS)http://pul/name/48073 245 10$aEinführung in das politische System der Bundesrepublik Deutschland :$bstaatliche, wirtschaftliche und soziale Strukturen und Prozesse /$cFrank Pilz. 260 $aMünchen :$bC.H. Beck,$cc1977. 300 $a366 p. ;$c20 cm 490 1 $aBeck'sche Elementarbücher 504 $aBibliografia in nota. 651 4$aGermania$xPolitica e governo$ySec. XX.$0(OLS)http://pul/subject/8131 830 0$aBeck'sche Elementarbücher.$0(OLS)http://pul/title/58847 850 $aPUL 852 $aPUL$W1$xDP1 Cons. Gen., Altre Classi 1$y22$m841 G 26$j94018$nBK-PRI$b $qStampati$B94018$CPULBib$Z2$F94018 $H63927 $81 941 1 $a8 996 $6020$a3406068006$9(OLS)http://pul/number/93785 996 $6245$aEinführung in das politische System der Bundesrepublik Deutschland :$bstaatliche, wirtschaftliche und soziale Strukturen und Prozesse$9(OLS)http://pul/title/95575 996 $6260$aMünchen :$bC.H. Beck$9(OLS)http://pul/publisher/47903